| 000 | 00658nam a22002057a 4500 | ||
|---|---|---|---|
| 999 |
_c16858 _d16858 |
||
| 003 | AR-CdUCM | ||
| 008 | 190506b ||||| |||| 00| 0 spa d | ||
| 040 |
_aMUNICIPALIDAD PROVINCIAL DEL CUSCO _cBIBLIOTECA MUNICIPAL DEL CUSCO |
||
| 082 |
_24ed _a466.9 / _bA426 |
||
| 100 |
_aAlonso, Martín _924370 |
||
| 245 | _aCiencia del lenguaje y arte del estilo / | ||
| 260 |
_aMadrid : _bM. Aguilar, _c1958. |
||
| 300 |
_a1502 páginas ; _bIlustraciones, _c22 cm. |
||
| 505 | _aContenido: Lengua española. | ||
| 650 |
_aLengua española _91124 |
||
| 650 |
_aRetórica _912108 |
||
| 650 |
_aEstilística _915205 |
||
| 942 |
_2ddc _cLIBROS |
||
| 945 |
_adavv _d06/05/2019 |
||